000 00526nam a22001097a 4500
008 190704b xxu||||| |||| 00| 0 eng d
010 _aCACAF:69B
245 _aCOURT OF APPEAL CIVIL APPLICATION NO. 62 OF 2014 COMMISSIONER CUSTOMS UGANDA REVENUE AUTHORITY VS KAYUMBA EMILE OGANE T/A ETS OGANE COMPANY
260 _aCOURT OF APPEAL KAMPALA
_c2014
500 _aHON. JUSTICE KENNETH KAKURU (SINGLE JUSTICE)
500 _a ARISING OUT OF CIVIL APPLICATION NO. 61 OF 2014 (ARISING FROM HIGH COURT MISCELLANEOUS CAUSE NO 49 OF 2013)
999 _c8673
_d8673